Spirit of C: An introduction to modern programming (Record no. 13637)
[ view plain ]
| 000 -LEADER | |
|---|---|
| fixed length control field | 00343nam a22001337a 4500 |
| 020 ## - INTERNATIONAL STANDARD BOOK NUMBER | |
| ISBN | 9788172240400 |
| 082 ## - DEWEY DECIMAL CLASSIFICATION NUMBER | |
| Classification number | 005.133 |
| Item number | MUL/SP |
| 100 ## - MAIN ENTRY--AUTHOR NAME | |
| Personal name | Mullish,Henry |
| 245 ## - TITLE STATEMENT | |
| Title | Spirit of C: An introduction to modern programming |
| 260 ## - PUBLICATION, DISTRIBUTION, ETC. (IMPRINT) | |
| Place of publication | Ahmedabad |
| Name of publisher | Jaico Publishing House |
| Year of publication | 2006 |
| 300 ## - PHYSICAL DESCRIPTION | |
| Number of Pages | 528 |
| 700 ## - ADDED ENTRY--PERSONAL NAME | |
| Personal name | Cooper, Herbert L |
| 942 ## - ADDED ENTRY ELEMENTS (KOHA) | |
| Koha item type | Books |
| Withdrawn status | Lost status | Damaged status | Collection code | Home library | Current library | Shelving location | Date acquired | Cost, normal purchase price | Full call number | Accession Number | Koha item type |
|---|---|---|---|---|---|---|---|---|---|---|---|
| Non-fiction | KAUAET | KAUAET | General Stacks | 31/03/2012 | 395.00 | 005.133 COO/SP | 23528 | Books | |||
| Non-fiction | KAUAET | KAUAET | General Stacks | 31/03/2012 | 395.00 | 005.133 COO/SP | 23529 | Books | |||
| Non-fiction | KAUAET | KAUAET | General Stacks | 31/03/2012 | 395.00 | 005.133 COO/SP | 23530 | Books | |||
| Non-fiction | KAUAET | KAUAET | General Stacks | 31/03/2012 | 395.00 | 005.133 COO/SP | 23531 | Books | |||
| Non-fiction | KAUAET | KAUAET | General Stacks | 31/03/2012 | 395.00 | 005.133 COO/SP | 23532 | Books |
